[Event "SLO-chT2 East"]
[Site "Slovenia"]
[Date "2017.10.21"]
[Round "5"]
[White "Strtak, Marjan"]
[Black "Boc, Gregor"]
[Result "1/2-1/2"]
[WhiteElo "2144"]
[BlackElo "1669"]
[PlyCount "78"]
[EventDate "2017.09.30"]
[EventType "team-tourn"]
[EventRounds "9"]
[EventCountry "SLO"]
[SourceTitle "EXT 2019"]
[Source "ChessBase"]
[SourceDate "2018.10.10"]
[SourceVersion "1"]
[SourceVersionDate "2018.10.10"]
[SourceQuality "1"]

1. d4 Nf6 2. Nf3 g6 3. g3 Bg7 4. Bg2 0-0 5. c4 d5 6. Nc3 c6 7. cxd5 Nxd5 8. 0-0 Nd7 9. e4 Nxc3 10. bxc3 c5 11. Qb3 Qb6 12. Be3 Qxb3 13. axb3 Nf6 14. Ne5 a6 15. h3 Nd7 16. Nd3 Rd8 17. Rac1 b5 18. dxc5 Bb7 19. Rfd1 Rac8 20. b4 Ne5 21. Nxe5 Bxe5 22. Bd4 Bg7 23. Kf1 e5 24. Be3 Kf8 25. Rxd8+ Rxd8 26. Ke2 Ke7 27. Rd1 Rxd1 28. Kxd1 Bc8 29. Kd2 Be6 30. Bf1 Kd7 31. h4 Kc6 32. Be2 f6 33. f4 h6 34. fxe5 fxe5 35. Bf1 Bf8 36. Be2 Bg7 37. Bf1 Bf8 38. Be2 Bg7 39. Bf1 Bf8 1/2-1/2

[Event "Maribor Pirc Memorial op 20th"]
[Site "Maribor"]
[Date "2017.06.30"]
[Round "7"]
[White "Herega, Nejc"]
[Black "Boc, Gregor"]
[Result "1-0"]
[WhiteElo "1494"]
[BlackElo "1689"]
[PlyCount "91"]
[EventDate "2017.06.24"]
[EventType "swiss"]
[EventRounds "9"]
[EventCountry "SLO"]
[SourceTitle "CBM 179 Extra"]
[Source "ChessBase"]
[SourceDate "2017.08.23"]
[SourceVersion "1"]
[SourceVersionDate "2017.08.23"]
[SourceQuality "1"]

1. d4 e6 2. Nf3 f5 3. h3 Nf6 4. g4 b6 5. gxf5 exf5 6. Bg5 Bb7 7. e3 Be7 8. Be2 d6 9. Nc3 Nbd7 10. Qd2 Ne4 11. Nxe4 fxe4 12. Bxe7 Qxe7 13. Nh2 Rf8 14. 0-0-0 0-0-0 15. Rdf1 Rde8 16. Rhg1 g6 17. Ng4 Qh4 18. Qe1 h5 19. Nh2 Qxh3 20. Rh1 Qe6 21. Rfg1 Qxa2 22. Rxg6 Rh8 23. b3 Ref8 24. Rf1 Qa1+ 25. Kd2 Qa5+ 26. Kd1 Qa1+ 27. Kd2 Qa5+ 28. Kd1 Qxe1+ 29. Kxe1 Rfg8 30. Rfg1 Rxg6 31. Rxg6 a6 32. Bxh5 Rxh5 33. Rg8+ Nf8 34. Rxf8+ Kd7 35. Rf7+ Kc6 36. Nf1 b5 37. Ng3 Rh4 38. Kd2 Kb6 39. Rf4 Rxf4 40. exf4 d5 41. f5 Kc6 42. f6 Kd6 43. Nh5 Ke6 44. Ke3 Bc6 45. b4 Kf7 46. Kf4 1-0

[Event "Maribor Pirc Memorial op 20th"]
[Site "Maribor"]
[Date "2017.06.27"]
[Round "4"]
[White "Boc, Gregor"]
[Black "Jereb, Lana"]
[Result "1/2-1/2"]
[WhiteElo "1689"]
[BlackElo "1650"]
[PlyCount "71"]
[EventDate "2017.06.24"]
[EventType "swiss"]
[EventRounds "9"]
[EventCountry "SLO"]
[SourceTitle "CBM 179 Extra"]
[Source "ChessBase"]
[SourceDate "2017.08.23"]
[SourceVersion "1"]
[SourceVersionDate "2017.08.23"]
[SourceQuality "1"]

1. e4 g6 2. d4 Bg7 3. Nc3 c6 4. Nf3 d6 5. Bc4 b5 6. Bb3 Nf6 7. a3 Qc7 8. Bf4 0-0 9. Qd2 Nbd7 10. h4 h5 11. Bh6 e5 12. Bxg7 Kxg7 13. d5 Nc5 14. Ng5 Bb7 15. dxc6 Bxc6 16. Nd5 Qd8 17. Nxf6 Qxf6 18. Bd5 Bxd5 19. Qxd5 a6 20. 0-0 Na4 21. b3 Nb6 22. Qb7 d5 23. exd5 Rfb8 24. Qc6 Qxc6 25. dxc6 Rc8 26. Rad1 Rxc6 27. Rd2 Rac8 28. Rfd1 a5 29. Rd6 a4 30. bxa4 bxa4 31. Rxc6 Rxc6 32. Rb1 Nc4 33. Rb4 Nxa3 34. Rxa4 Nxc2 35. Ra7 Rf6 36. Re7 1/2-1/2

[Event "Maribor Pirc Memorial op 20th"]
[Site "Maribor"]
[Date "2017.06.26"]
[Round "3"]
[White "Mohr, Pablo"]
[Black "Boc, Gregor"]
[Result "1/2-1/2"]
[WhiteElo "1870"]
[BlackElo "1689"]
[PlyCount "62"]
[EventDate "2017.06.24"]
[EventType "swiss"]
[EventRounds "9"]
[EventCountry "SLO"]
[SourceTitle "CBM 179 Extra"]
[Source "ChessBase"]
[SourceDate "2017.08.23"]
[SourceVersion "1"]
[SourceVersionDate "2017.08.23"]
[SourceQuality "1"]

1. e4 e6 2. d4 d5 3. exd5 exd5 4. Bd3 Bd6 5. Qf3 Nf6 6. h3 0-0 7. Ne2 h6 8. 0-0 c6 9. c3 Re8 10. Nd2 Qc7 11. Nb3 Ne4 12. Bf4 Nd7 13. Bxd6 Qxd6 14. Qf4 Ndf6 15. Qxd6 Nxd6 16. Ng3 Nde4 17. Rae1 b6 18. Bxe4 Nxe4 19. Nxe4 Rxe4 20. Rxe4 dxe4 21. f3 exf3 22. Rxf3 Be6 23. Re3 Kf8 24. Nc1 Re8 25. a3 Bc4 26. Rxe8+ Kxe8 27. Kf2 Ke7 28. Ke3 Kf6 29. b3 Bd5 30. g3 Be6 31. h4 Kf5 1/2-1/2

[Event "Maribor Pirc Memorial op 20th"]
[Site "Maribor"]
[Date "2017.06.25"]
[Round "2"]
[White "Boc, Gregor"]
[Black "Pirs, Matjaz1111"]
[Result "0-1"]
[WhiteElo "1689"]
[BlackElo "2010"]
[PlyCount "50"]
[EventDate "2017.06.24"]
[EventType "swiss"]
[EventRounds "9"]
[EventCountry "SLO"]
[SourceTitle "CBM 179 Extra"]
[Source "ChessBase"]
[SourceDate "2017.08.23"]
[SourceVersion "1"]
[SourceVersionDate "2017.08.23"]
[SourceQuality "1"]

1. d4 Nf6 2. Bg5 Ne4 3. Bf4 d5 4. f3 Nf6 5. e4 dxe4 6. Nc3 exf3 7. Nxf3 c6 8. Bc4 e6 9. 0-0 Be7 10. Ne5 Nbd7 11. Rf3 Nxe5 12. Bxe5 0-0 13. Bd3 g6 14. Rh3 Nd7 15. Qd2 Bg5 16. Bf4 Bxf4 17. Qxf4 Qf6 18. Qe3 Qg7 19. Rf1 Nf6 20. Bc4 Nd5 21. Bxd5 exd5 22. Rhf3 Bd7 23. Rf6 Rae8 24. Qf4 Bc8 25. Qc7 Bf5 0-1

[Event "Ptuj op 10"]
[Site "Ptuj"]
[Date "2015.10.31"]
[Round "9"]
[White "Boc, Gregor"]
[Black "Murko, Tadej"]
[Result "1/2-1/2"]
[WhiteElo "1311"]
[BlackElo "1602"]
[PlyCount "52"]
[EventDate "2015.10.24"]
[EventType "swiss"]
[EventRounds "9"]
[EventCountry "SLO"]
[SourceTitle "CBM 169 Extra"]
[Source "ChessBase"]
[SourceDate "2015.12.18"]
[SourceVersion "1"]
[SourceVersionDate "2015.12.18"]
[SourceQuality "1"]

1. e4 c5 2. Nf3 d6 3. d4 cxd4 4. Nxd4 Nf6 5. Nc3 g6 6. Be3 Bg7 7. f3 0-0 8. Qd2 Nc6 9. 0-0-0 d5 10. Nxc6 bxc6 11. exd5 cxd5 12. Nxd5 Nxd5 13. Qxd5 Qc7 14. Qc4 Qb7 15. Bd4 Bf5 16. Qb3 Qc7 17. Bxg7 Qf4+ 18. Kb1 Kxg7 19. Bd3 Be6 20. Qc3+ Kg8 21. Qd2 Qe5 22. Rhe1 Qc7 23. Qh6 Rab8 24. h4 Qc3 25. b3 Bxb3 26. axb3 Rxb3+ 1/2-1/2

[Event "Ptuj op 10"]
[Site "Ptuj"]
[Date "2015.10.29"]
[Round "7"]
[White "Boc, Gregor"]
[Black "Zajdela, Karel"]
[Result "0-1"]
[WhiteElo "1311"]
[BlackElo "1827"]
[PlyCount "74"]
[EventDate "2015.10.24"]
[EventType "swiss"]
[EventRounds "9"]
[EventCountry "SLO"]
[SourceTitle "CBM 169 Extra"]
[Source "ChessBase"]
[SourceDate "2015.12.18"]
[SourceVersion "1"]
[SourceVersionDate "2015.12.18"]
[SourceQuality "1"]

1. e4 e6 2. d4 d5 3. e5 c5 4. c3 a6 5. Nf3 Nc6 6. Bd3 Qc7 7. 0-0 b6 8. Qe2 cxd4 9. cxd4 Nb4 10. Nc3 Nxd3 11. Qxd3 Bd7 12. Bd2 Ne7 13. Rac1 Qb7 14. Rc2 Nc6 15. a3 Be7 16. Re1 Na5 17. Bc1 Nb3 18. Bf4 Na5 19. Rec1 Rc8 20. Nd2 f5 21. Qg3 0-0 22. Bh6 Rf7 23. Nf3 Bf8 24. Bg5 Kh8 25. Qh4 Be8 26. Bf4 h6 27. Nd1 Rxc2 28. Rxc2 Be7 29. Bg5 Kg8 30. Bxe7 Qxe7 31. Qxe7 Rxe7 32. Ne3 f4 33. Nf1 Nc4 34. b3 Na5 35. N1d2 g5 36. b4 Nc6 37. Nb3 Na7 0-1

[Event "Ptuj op 10"]
[Site "Ptuj"]
[Date "2015.10.28"]
[Round "6"]
[White "Boc, Gregor"]
[Black "Podkriznik, Aleksander"]
[Result "1/2-1/2"]
[WhiteElo "1311"]
[BlackElo "1727"]
[PlyCount "54"]
[EventDate "2015.10.24"]
[EventType "swiss"]
[EventRounds "9"]
[EventCountry "SLO"]
[SourceTitle "CBM 169 Extra"]
[Source "ChessBase"]
[SourceDate "2015.12.18"]
[SourceVersion "1"]
[SourceVersionDate "2015.12.18"]
[SourceQuality "1"]

1. e4 c5 2. Nf3 d6 3. d4 cxd4 4. Nxd4 Nf6 5. Nc3 a6 6. Be3 e6 7. f3 Qc7 8. Qd2 b5 9. a3 Bb7 10. 0-0-0 Nbd7 11. Kb1 Rc8 12. g4 h6 13. h4 g6 14. Be2 Ne5 15. g5 hxg5 16. hxg5 Nh5 17. f4 Nc4 18. Bxc4 Qxc4 19. Rh3 Rd8 20. Qe2 Qc7 21. Qf2 Rc8 22. f5 e5 23. Nf3 Rg8 24. Nd5 Bxd5 25. Rxd5 Ng7 26. fxg6 fxg6 27. Nh4 Ne6 1/2-1/2

[Event "Ptuj op 10"]
[Site "Ptuj"]
[Date "2015.10.25"]
[Round "3"]
[White "Meglic, Jaka"]
[Black "Boc, Gregor"]
[Result "1-0"]
[WhiteElo "1826"]
[BlackElo "1311"]
[PlyCount "39"]
[EventDate "2015.10.24"]
[EventType "swiss"]
[EventRounds "9"]
[EventCountry "SLO"]
[SourceTitle "CBM 169 Extra"]
[Source "ChessBase"]
[SourceDate "2015.12.18"]
[SourceVersion "1"]
[SourceVersionDate "2015.12.18"]
[SourceQuality "1"]

1. e4 e6 2. d4 d5 3. e5 c5 4. c3 Nc6 5. Nf3 Nh6 6. a3 f6 7. exf6 Qxf6 8. Bg5 Qf7 9. Bb5 Bd7 10. 0-0 cxd4 11. cxd4 a6 12. Bxc6 Bxc6 13. Ne5 Qc7 14. Bxh6 gxh6 15. Qh5+ Ke7 16. Qf7+ Kd8 17. Qf4 Ke7 18. Ng6+ Kd8 19. Qf6+ Kc8 20. Qxh8 1-0

[Event "Ptuj op 10"]
[Site "Ptuj"]
[Date "2015.10.24"]
[Round "1"]
[White "Cojhter, Karl"]
[Black "Boc, Gregor"]
[Result "1-0"]
[WhiteElo "2044"]
[BlackElo "1311"]
[PlyCount "66"]
[EventDate "2015.10.24"]
[EventType "swiss"]
[EventRounds "9"]
[EventCountry "SLO"]
[SourceTitle "CBM 169 Extra"]
[Source "ChessBase"]
[SourceDate "2015.12.18"]
[SourceVersion "1"]
[SourceVersionDate "2015.12.18"]
[SourceQuality "1"]

1. e4 c5 2. c3 d5 3. exd5 Qxd5 4. d4 e6 5. Nf3 Nc6 6. Be3 cxd4 7. cxd4 Nf6 8. Nc3 Qd7 9. Bb5 a6 10. Ne5 Qc7 11. Bxc6+ bxc6 12. 0-0 Bd6 13. f4 Nd5 14. Nxd5 cxd5 15. Rc1 Qb7 16. Rf2 0-0 17. Rfc2 Bd7 18. Nd3 Bb5 19. Nc5 Qe7 20. b3 Rfc8 21. Rc3 a5 22. a4 Be8 23. Qf3 Rab8 24. Qf2 f6 25. Qd2 Bg6 26. Bf2 Rb4 27. g3 Bxc5 28. dxc5 Rcb8 29. c6 Qc7 30. Qd1 Be4 31. Bc5 R4b6 32. Bxb6 Qxb6+ 33. Rc5 Qxb3 1-0

[Event "SLO-chT2 East"]
[Site "Slovenia"]
[Date "2014.09.27"]
[Round "3"]
[White "Boc, Gregor"]
[Black "Basa, Vili"]
[Result "1/2-1/2"]
[WhiteElo "1500"]
[BlackElo "1652"]
[PlyCount "93"]
[EventDate "2014.09.13"]
[EventType "team-tourn"]
[EventRounds "9"]
[EventCountry "SLO"]
[SourceTitle "EXT 2019"]
[Source "ChessBase"]
[SourceDate "2018.10.10"]
[SourceVersion "1"]
[SourceVersionDate "2018.10.10"]
[SourceQuality "1"]
[WhiteTeam "Maribor ZSK III"]
[BlackTeam "Lendava Rokada"]
[WhiteTeamCountry "SLO"]
[BlackTeamCountry "SLO"]

1. e4 c6 2. d4 d5 3. exd5 Qxd5 4. Nc3 Qa5 5. Nf3 Bf5 6. Bd3 Bxd3 7. Qxd3 e6 8. 0-0 Be7 9. Re1 Nf6 10. Bd2 Qd8 11. Rad1 0-0 12. Bf4 Nd5 13. Nxd5 cxd5 14. Ne5 Nc6 15. Qg3 Bf6 16. c3 Na5 17. Qg4 Rc8 18. h4 Bxh4 19. Bh6 Bf6 20. Rd3 Nc4 21. Nxc4 Rxc4 22. Rg3 g6 23. Bxf8 Qxf8 24. f4 Bg7 25. Qe2 a6 26. b3 Rc6 27. Qb2 b5 28. Rd3 Qc8 29. Rc1 Qc7 30. g3 Qc8 31. Kg2 Qc7 32. Kf3 Qc8 33. a4 Bf8 34. axb5 axb5 35. Rc2 b4 36. Kg2 Qc7 37. Kf3 Qc8 38. Qa1 Qc7 39. Kg2 Qc8 40. Qc1 Rc7 41. c4 dxc4 42. Rxc4 Rxc4 43. Qxc4 Qb7+ 44. Kf2 Qh1 45. Rf3 Qh2+ 46. Ke3 Qg1+ 47. Kd2 1/2-1/2